00346 a2200109 4500001000900000005001700009008004100026245004600067100002900113773007700142999001700219ART_226320260410161724.0260409a 10aCreatividad y estrategias de innovación1 aDrucker, Peter Ferdinand0 tAdministración de empresasg- Año XVII, Nº 200 (nov. 1986)wREV2036 c17236d17236